000170905 001__ 170905
000170905 005__ 20260429150232.0
000170905 037__ $$aTAZ-TFG-2025-219
000170905 041__ $$aspa
000170905 1001_ $$aBarbó Navarro, María
000170905 24200 $$aHuman Trafficking in the Digital Era: Adapting International Law to Technological Challenges.
000170905 24500 $$aEL DELITO DE TRATA DE PERSONAS EN LA ERA DIGITAL:ADAPTACIÓN DEL DERECHO INTERNACIONAL A LOS DESAFÍOS TECNOLÓGICOS.
000170905 260__ $$aZaragoza$$bUniversidad de Zaragoza$$c2025
000170905 506__ $$aby-nc-sa$$bCreative Commons$$c3.0$$uhttp://creativecommons.org/licenses/by-nc-sa/3.0/
000170905 520__ $$aEn el trabajo se trata de analizar cómo la era digital ha transformado el delito de trata de personas, facilitando nuevas formas de captación, explotación y control de las víctimas a través de tecnologías emergentes. Examinando la respuesta del Derecho Internacional ante estos desafíos, revisando el marco normativo y la jurisprudencia internacional, he concluido proponiendo posibles mejoras.<br />
000170905 521__ $$aGraduado en Derecho
000170905 540__ $$aDerechos regulados por licencia Creative Commons
000170905 691__ $$a0
000170905 692__ $$a
000170905 700__ $$aFernández Sola, Natividad$$edir.
000170905 7102_ $$aUniversidad de Zaragoza$$b $$c
000170905 8560_ $$f801474@unizar.es
000170905 8564_ $$s457417$$uhttps://zaguan.unizar.es/record/170905/files/TAZ-TFG-2025-219.pdf$$yMemoria (spa)
000170905 8564_ $$s457417$$uhttps://zaguan.unizar.es/record/170905/files/TAZ-TFG-2025-219_ANE.pdf$$yAnexos (spa)
000170905 909CO $$ooai:zaguan.unizar.es:170905$$pdriver$$ptrabajos-fin-grado
000170905 950__ $$a
000170905 951__ $$adeposita:2026-04-29
000170905 980__ $$aTAZ$$bTFG$$cDER
000170905 999__ $$a20250206124028.CREATION_DATE